Statistics for South American Countries on Population/Area Chart

Click here to take the quiz!

General Stats

  • This quiz has been taken 25 times
  • The average score is 7 of 14

Answers on the Map

Answers color-coded by a green-red scale on the quiz's map according to % correct below.
 

Answer Stats

Answer% Correct
Brazil
100%
Argentina
85%
Colombia
60%
Chile
55%
Falkland Islands
55%
Peru
50%
Venezuela
50%
Ecuador
45%
Paraguay
45%
Suriname
45%
Uruguay
45%
Guyana
35%
Bolivia
30%
French Guiana
30%

Score Distribution

Percentile by Number Answered

Percent of People with Each Score

Your Score History

You have not taken this quiz